| 000 | 00806nam a2200265 i 4500 | ||
|---|---|---|---|
| 003 | DO-SdBNP | ||
| 005 | 20240711150955.0 | ||
| 007 | ta | ||
| 008 | 240711b2005 sp ||||| |||| 00| 0 spa d | ||
| 020 | _a8441411328 | ||
| 040 |
_aDO-SdBNP _bspa _cBNPHU _erda |
||
| 082 | 4 | _222 | |
| 100 | 1 |
_aOsho, _eautor _986065 |
|
| 245 | 1 | 0 |
_aDía a Día : _b365 meditaciones para el Aquí y el Ahora / _cOsho ; traducción, Elías Sarhan |
| 250 | _a7a edición | ||
| 264 |
_aMadrid : _bEDAF, _c2005 |
||
| 300 |
_a377 páginas ; _c24 cm. |
||
| 336 |
_2rdacontent _atexto _btxt |
||
| 337 |
_2rdamedia _asin mediación _bn |
||
| 338 |
_2rdacarrier _avolumen _bnc |
||
| 500 | _aIncluye datos biográficos del autor en la solapa de la cubierta | ||
| 590 | _aInventariado, 2024/BT | ||
| 910 | _aBtavárez | ||
| 942 |
_2ddc _cLBS1 |
||
| 999 |
_c57272 _d57272 |
||